Cocktail Shopping List - Statistics

General Stats
  • This quiz has been taken 44,647 times
    37,080 since last reset
  • The average score is 19 of 32
Answer Stats
Cocktail Ingredient % Correct
Vodka
99%
Orange Juice
93%
Rum
93%
Tequila
91%
Whiskey
90%
Gin
85%
Lime Juice
84%
Limes
84%
Tomato Juice
78%
Cream
76%
Lemon Juice
76%
Jägermeister
71%
Pineapple Juice
71%
Mint
65%
Champagne
64%
Cola
64%
Cream of Coconut
63%
Sugar
61%
Soda Water
54%
Cranberry Juice
50%
Vermouth
50%
Red Bull
49%
Triple Sec
41%
Grenadine
40%
Coffee Liqueur
39%
Irish Cream
38%
Bitters
35%
Brandy
34%
Stout
30%
Peach Schnapps
18%
Cachaça
12%
Drambuie
8%
No matching quizzes found
Score Distribution
Percent of People with Each Score
Percentile by Number Answered
Your Score History
You have not taken this quiz since the last reset